| 000 | 00852nam a22002897a 4500 | ||
|---|---|---|---|
| 001 | BR2016000490 | ||
| 003 | BR-BrBNA | ||
| 005 | 20230928104810.0 | ||
| 007 | ta | ||
| 008 | 230509b bl.||||| |||| 00| 0 por d | ||
| 040 |
_aBR-BrBNA _bpor _cBiblioteca Nacional de Agricultura |
||
| 041 | _a(Por) | ||
| 072 | _aB50; P01 | ||
| 090 | _ B50 BR2016000490 | ||
| 100 | 1 | _aLoura, C.G. | |
| 110 | 1 |
_aUniversidade Federal de Lavras, MG (Brasil) _0Tese (Mestrado) |
|
| 245 | 1 | _aEvolução histórico-cultural e paisagística dos jardins do museu imperial de Petrópolis-RJ | |
| 260 | 3 |
_aLavras, MG (Brasil): _c2015. |
|
| 300 | _a76 p. | ||
| 500 | _aSummaries (Eng, Por); 33 ref.; 34 illus. | ||
| 650 | _aPAISAGISMO | ||
| 650 | _aJARDIM | ||
| 650 | _aHISTÓRIA | ||
| 650 | _aRIO DE JANEIRO | ||
| 909 |
_a202309 _bLucia _c55 _dLucia Elande |
||
| 942 | _cBK | ||
| 999 |
_c81812 _d81812 |
||